Ciencias sociales en contextos de globalización o mundialización: tensiones y desafíos

Las ciencias sociales se encuentran hoy en día tensionadas y llamadas a (re) pensarse desde otros sitios para poder dar cuenta de las realidades que han ido emergiendo a partir de los procesos de globalización o mundialización a los cuales se ven enfrentadas. En estos contextos, algunas preguntas so...

Full description

Bibliographic Details
Main Author: Zarzuri Cortés, Raúl
Format: Analitica de revista
Language:Spanish
Published: Santiago, Chile: Universidad Academia de Humanismo Cristiano, 2007.
Subjects:
Online Access:Disponible en línea (PDF). Biblioteca Digital UAHC

MARC

LEADER 00000cab a2200000 a 4500
001 041880
003 UAHC_CL
005 20210909180027.0
008 081214s2007 cl 000 spa
100 |a Zarzuri Cortés, Raúl  |9 10996 
952 |0 0  |1 0  |4 0  |6 REVISTA_DE_LA_ACADEMIA12_07_000000000000000  |7 0  |8 COMP  |9 78368  |a BC  |b BC  |c Hemeroteca  |d 2017-08-03  |l 0  |o REVISTA DE LA ACADEMIA-12/07  |r 2018-01-23 00:00:00  |w 2017-08-03  |y REVA 
999 |c 41880  |d 41880 
040 |a UAHC_CL  |c UAHC_CL  |d UAHC_CL 
245 1 0 |a Ciencias sociales en contextos de globalización o mundialización:  |b tensiones y desafíos  |c Raúl Zarzuri C. 
260 |a Santiago, Chile:  |b Universidad Academia de Humanismo Cristiano,  |c 2007. 
300 |a p. 157-172 
500 |a En: Revista de la Academia, No 12, 2007. pp. 157-172. ISSN 07171846. 
520 |a Las ciencias sociales se encuentran hoy en día tensionadas y llamadas a (re) pensarse desde otros sitios para poder dar cuenta de las realidades que han ido emergiendo a partir de los procesos de globalización o mundialización a los cuales se ven enfrentadas. En estos contextos, algunas preguntas son las mismas que se hacían las ciencias sociales en sus inicios, pero requieren respuestas distintas, otras, han cambiado y, por lo tanto, las respuestas tradicionales no sirven. De ahñi, entonces, que entender los procesos de globalización y realizar un ejercicio de autorreflexión en el campo de las ciencias sociales sean parte de las misma tarea. 
650 0 |a    |9 473 
650 0 |a Globalización  |9 129 
856 |u http://bibliotecadigital.academia.cl/xmlui/handle/123456789/2799  |y  Disponible en línea (PDF). Biblioteca Digital UAHC 
900 |a REVISTA DE LA ACADEMIA-12/07 
942 |c REVA